000 00688nam a22002177a 4500
005 20240302104621.0
008 230221b |||||||| |||| 00| 0 eng d
020 _a9789386443885
_cRs.650.00
040 _aLoreto college
041 _aBengali
082 _aTAG/891.44(J)
_bTAG-BHA
245 _aSadhana masik patrika 2
_cEdited by Rabindranath Tagore; compiled and edited by Amitrasudan Bhattacharya
260 _aKolkata
_bGangchil
_c2019
300 _ap.461 -p.993
_b22cm
500 _aVol 2. 1302 Joishtha - 1302 Kartik
650 _aBengali periodicals
700 _4ed.
_aTagore , Rabindranath
700 _4com.
_aBhattacharya, Amitrasudan
850 _aLCLIB
942 _cBK
999 _c43676
_d94155